La querella del arte contemporáneo
Gardado en:
| Autor Principal: | |
|---|---|
| Formato: | Libro |
| Idioma: | Lingua castelá |
| Publicado: |
Buenos Aires, Argentina:
Amorrortú,
2010.
|
| Edición: | 1a. ed |
| Series: | Colección Nómadas
|
| Subjects: | |
| Tags: |
Engadir etiqueta
Sen Etiquetas, Sexa o primeiro en etiquetar este rexistro!
|
MARC
| LEADER | 00000cam a2200000 a 4500 | ||
|---|---|---|---|
| 001 | UCG7951 | ||
| 003 | CL-VaPUC | ||
| 005 | 20220616132901.0 | ||
| 008 | 111028e20100000AG |||||||||||||||||spa|d | ||
| 999 | |c 345631 |d 345629 | ||
| 020 | |a 9789505183845 | ||
| 040 | |c Pontificia Universidad Católica de Valparaíso | ||
| 082 | 0 | 4 | |a 759 JIM 2010 |2 21 |
| 100 | |a Jiménez, Marc |e autor |9 558455 | ||
| 245 | 1 | 3 | |a La querella del arte contemporáneo |
| 250 | |a 1a. ed | ||
| 260 | |a Buenos Aires, Argentina: |b Amorrortú, |c 2010. | ||
| 300 | |a 336 páginas. | ||
| 490 | 0 | |a Colección Nómadas | |
| 583 | |a last modification |c 20130730 07:05:54 |k Rodrigo Vera | ||
| 650 | 0 | |a Arte contemporáneo |9 338008 | |
| 650 | 0 | |a Crítica e interpretación |9 255042 | |
| 942 | |c BK |2 ddc | ||
| 945 | |d 20111028 00:00:00 |a dcastane | ||
| 952 | |0 0 |1 0 |4 0 |6 759_000000000000000_JIM_2010 |7 0 |8 A |9 444564 |a BIBART |b BIBART |d 2019-11-22 |i 4792548 |o 759 JIM 2010 |p 4792548 |r 2025-03-13 |w 2019-11-22 |y BK |k ART | ||
| 952 | |0 0 |1 0 |4 0 |6 759_000000000000000_JIM_2010 |7 0 |8 A |9 444565 |a BIBART |b BIBART |d 2019-11-22 |i 4994248 |o 759 JIM 2010 |p 4994248 |r 2025-03-13 |w 2019-11-22 |y BK |k ART | ||
| 952 | |0 0 |1 0 |2 ddc |4 0 |6 759_000000000000000_JIM_2010 |7 0 |8 A |9 583758 |a BIBART |b BIBART |d 2022-06-15 |e 135 |g 19500.00 |i 5651883 |o 759 JIM 2010 |p 5651883 |r 2025-03-13 |t 3 |v 19500.00 |w 2022-06-15 |y BK |k ART | ||